| 000 | 00551nam a2200157 a 4500 | ||
|---|---|---|---|
| 001 | 000028367 | ||
| 005 | 20200930054916.0 | ||
| 008 | 110408s2006 dr 000 0 spa d | ||
| 040 |
_aDO-SdBNP _bspa _cBNPHU |
||
| 082 |
_axxxx _bA398p |
||
| 245 | 0 | 0 |
_aAlianza popular Candelier 2008 : _bdocumentos básicos para facilitar el trabajo político de dirigentes y promotores. |
| 260 |
_aSanto Domingo : _bBúho, _c2006. |
||
| 300 |
_a27 p. ; _c22 cm. |
||
| 500 | _aIncluye datos biográficos de Pedro de Jesús Candelier en la contracubierta | ||
| 049 | _aBNPD | ||
| 999 |
_c27859 _d27859 |
||